| 000 | 00000nam 2200000zi 4500 |
| 001 | 9.891088 |
| 003 | CaOODSP |
| 005 | 20221107172800 |
| 006 | m o d f |
| 007 | cr cn||||||||| |
| 008 | 200901s2019 pic o f000 0 eng d |
| 040 | |aCaOODSP|beng|erda|cCaOODSP |
| 043 | |an-cn--- |
| 045 | |ay1y1 |
| 086 | 1 |aV3-2/13-2019E-PDF |
| 245 | 00|aFinancial security among veterans in Canada. |
| 264 | 1|a[Charlottetown, P.E.I] : |bVeterans Affairs Canada Research Directorate, |c2019. |
| 300 | |a1 online resource (1 page). |
| 336 | |atext|btxt|2rdacontent |
| 337 | |acomputer|bc|2rdamedia |
| 338 | |aonline resource|bcr|2rdacarrier |
| 490 | 1 |aInfo brief |
| 500 | |aIssued also in French under title: La sécurité financière des vétérans au Canada. |
| 500 | |a"September 2019." |
| 500 | |aIssued also in HTML format. |
| 650 | 0|aVeterans|zCanada|xFinance, Personal. |
| 710 | 1 |aCanada. |bVeterans Affairs Canada. |bResearch Directorate, |eissuing body. |
| 775 | 08|tLa sécurité financière des vétérans au Canada.|w(CaOODSP)9.891091 |
| 830 | #0|aInfo brief (Canada. Veterans Affairs Canada. Research Directorate)|w(CaOODSP)9.877120 |
| 856 | 40|qPDF|s123 KB|uhttps://publications.gc.ca/collections/collection_2020/acc-vac/V3-2-13-2019-eng.pdf |
| 856 | 4 |qHTML|sN/A|uhttps://www.veterans.gc.ca/eng/about-vac/research/research-directorate/info-briefs/financial-security |